Alpine ski women world cup winners - Statistics

General Stats
  • This quiz has been taken 44 times
  • The average score is 21 of 59
Answer Stats
year nationality skier % Correct
2016-17 United States Mikaela Shiffrin
89%
2017-18 United States Mikaela Shiffrin
89%
2018-19 United States Mikaela Shiffrin
89%
2021-22 United States Mikaela Shiffrin
89%
2022-23 United States Mikaela Shiffrin
89%
2015-16 Switzerland Lara Gut-Behrami
86%
2023-24 Switzerland Lara Gut-Behrami
86%
2007-08 United States Lindsey Vonn
79%
2008-09 United States Lindsey Vonn
79%
2009-10 United States Lindsey Vonn
79%
2011-12 United States Lindsey Vonn
79%
2019-20 Italy Federica Brignone
71%
2024-25 Italy Federica Brignone
71%
2012-13 Slovenia Tina Maze
68%
2000-01 Croatia Janica Kostelić
61%
2002-03 Croatia Janica Kostelić
61%
2005-06 Croatia Janica Kostelić
61%
2020-21 Slovakia Petra Vlhová
61%
2003-04 Sweden Anja Pärson
39%
2004-05 Sweden Anja Pärson
39%
2010-11 Germany Maria Riesch
39%
2013-14 Austria Anna Veith
36%
2014-15 Austria Anna Veith
36%
1988-89 Switzerland Vreni Schneider
36%
1993-94 Switzerland Vreni Schneider
36%
1994-95 Switzerland Vreni Schneider
36%
1970-71 Austria Annemarie Moser-Pröll
29%
1971-72 Austria Annemarie Moser-Pröll
29%
1972-73 Austria Annemarie Moser-Pröll
29%
1973-74 Austria Annemarie Moser-Pröll
29%
1974-75 Austria Annemarie Moser-Pröll
29%
2001-02 Austria Michaela Dorfmeister
25%
1998-99 Austria Alexandra Meissnitzer
18%
1977-78 Liechtenstein Hanni Wenzel
18%
1979-80 Liechtenstein Hanni Wenzel
18%
2006-07 Austria Nicole Hosp
18%
1999-2000 Austria Renate Götschl
18%
1996-97 Sweden Pernilla Wiberg
14%
1978-79 Austria Annemarie Moser-Pröll
11%
1981-82 Switzerland Erika Hess
11%
1984-84 Switzerland Erika Hess
11%
1975-76 West Germany Rosi Mittermaier
11%
1995-96 Germany Katja Seizinger
7%
1997-98 Germany Katja Seizinger
7%
1980-81 Switzerland Marie-Theres Nadig
7%
1984-85 Switzerland Michela Figini
7%
1987-88 Switzerland Michela Figini
7%
1966-67 Canada Nancy Greene
7%
1967-68 Canada Nancy Greene
7%
1989-90 Austria Petra Kronberger
7%
1990-91 Austria Petra Kronberger
7%
1991-92 Austria Petra Kronberger
7%
1992-93 Austria Anita Wachter
4%
1976-77 Switzerland Lise-Marie Morerod
4%
1985-86 Switzerland Maria Walliser
4%
1986-87 Switzerland Maria Walliser
4%
1982-83 United States Tamara McKinney
4%
1968-69 Austria Gertrud Gabl
0%
1969-70 France Michèle Jacot
0%
No matching quizzes found
Score Distribution
Percent of People with Each Score
Percentile by Number Answered
Your Score History
You have not taken this quiz